Every Ski Slope At Kirkwood, California - Statistics

General Stats
  • This quiz has been taken 3 times
  • The average score is 23 of 78
Answer Stats
Difficulty Slope % Correct
🟢 Funny Bunny
100%
🟦 Lower Monte Wolf
100%
🟦 Lower Zachary
100%
⬛️⬛️ Notch Chute
100%
⬛️⬛️ One Man Chute
100%
⬛️ Thunder Saddle
100%
⬛️⬛️ Two Man Chute
100%
⬛️ Zachary
100%
⬛️⬛️ All The Way
50%
⬛️⬛️ Boylermaker
50%
⬛️⬛️ Chamoix
50%
⬛️⬛️ Cliff Chute
50%
⬛️ Covered Wagon
50%
⬛️ Eagle Bowl
50%
🟦 Happiness Is
50%
🟦 Home Run
50%
⬛️ Hully Gully
50%
⬛️ Jeff’s Line
50%
⬛️ Jim’s
50%
⬛️ KGF
50%
⬛️ Lightning
50%
🟦 Lower Elevator Shaft
50%
⬛️ Lower Olympic
50%
🟦 Low Whisky
50%
🟦 Mokelumne
50%
⬛️ Monte Wolfe
50%
⬛️ Olympic
50%
⬛️ Rabbit Runs
50%
⬛️⬛️ Saddle Chute
50%
⬛️ Sentinel
50%
⬛️ Sunnyside
50%
⬛️ The Drain
50%
⬛️⬛️ The Sister’s Chute
50%
⬛️⬛️ The Wall
50%
⬛️ The Wave
50%
🟦 Trench Of Terror
50%
🟦 Upper Elevator Shaft
50%
🟦 Bark Shanty
0%
⬛️⬛️ Bogie’s Slide
0%
🟦 Buckboard
0%
🟦 Bud’s Alley
0%
⬛️ Button Bowl
0%
⬛️ Cold Shoulder
0%
⬛️ Conestoga
0%
⬛️⬛️ Corner Chute
0%
⬛️ Deadwood Spur
0%
🟦 Devil’s Draw
0%
🟦 Dutch Of Doom
0%
🟦 Easy Rider
0%
⬛️ Fireball
0%
🟦 Flying Carpet
0%
🟦 Free ‘N’ Easy
0%
🟢 Gold Rush
0%
🟢 Graduation
0%
🟢 Hay Flat
0%
⬛️ Headwaters
0%
🟦 Herringbone Straight
0%
🟦 Hole ‘N’ Wall
0%
🟦 Jambi’s Jaunt
0%
🟦 Jane’s Jaunt
0%
🟦 Juniper
0%
⬛️ Larry’s Lip
0%
⬛️ Look Out Janek
0%
⬛️ Lost Cabin
0%
⬛️⬛️ Schaffer’s Chute
0%
🟢 School Run
0%
🟦 Scott’s Run
0%
⬛️ Short Spoke
0%
⬛️⬛️ Shot 5
0%
⬛️ Shotgun
0%
🟢 Snowkirk
0%
⬛️ Snowsnake Gully
0%
🟢 Squirrel Ridge
0%
⬛️ Stump Run
0%
🟦 Up ‘N’ Over
0%
⬛️ Upper Devil’s Draw
0%
⬛️ Wagon Trail
0%
🟦 Whisky Slide
0%
No matching quizzes found
Score Distribution
Percent of People with Each Score
Percentile by Number Answered
Your Score History
You have not taken this quiz